| 000 | 01996nam0a2200421 4500 | ||
|---|---|---|---|
| 001 | RU\NLR\BIBL_A\012465646 | ||
| 005 | 20210317171835.0 | ||
| 010 |
_a978-5-377-16598-9 _93000 |
||
| 021 |
_aRU _bКН-П-20-067664 _9КН-П-20-5084 |
||
| 035 | _a(NLR Aleph) 012465646 | ||
| 035 | _a(RuMoRGB)010463041 | ||
| 090 |
_a12049323 _c12049323 |
||
| 100 | _a20210303d2021 d y0rusy50 ca | ||
| 101 | 0 |
_arus _aeng |
|
| 102 | _aRU | ||
| 105 | _aa zzjz000|yz | ||
| 181 | 0 |
_ai _baxxe |
|
| 182 | 0 | _an | |
| 200 | 1 |
_aГрамматика английского языка _e6 класс _eкнига для родителей _eк учебнику О. В. Афанасьевой, И. В. Михеевой "Английский язык. VI класс. В двух частях" (М.: Просвещение) _fЕ. А. Барашкова |
|
| 203 |
_aТекст _bвизуальный _cнепосредственный |
||
| 205 | _aИзд. 3-е, перераб. и доп. | ||
| 210 |
_aМосква _cЭкзамен _d2021 [т.е. 2020] |
||
| 215 |
_a220, [3] с. _cтабл. _d21 |
||
| 225 | 1 | _aУчебно-методический комплект | |
| 225 | 1 | _aФГОС | |
| 225 | 1 | _aУМК к новому ФПУ | |
| 225 | 1 |
_aEnglish _e6 |
|
| 300 | _aФактическая дата выхода в свет - 2020 | ||
| 606 | 1 |
_aАнглийский язык _xОбучение в семье _jРуководства, пособия и т.п _2nlr_sh2 _3RU\NLR\AUTH\6645375 |
|
| 606 | 1 |
_aАнглийский язык _jУчебные издания для специализированных учебных заведений _2nlr_sh2 _3RU\NLR\AUTH\6646032 |
|
| 610 | 0 | _aанглийский язык в школе | |
| 686 | 1 | _aЧ491.7англ.я7 | |
| 686 | 3 | _aШ143.21-93рус221[6] | |
| 700 | 1 |
_aБарашкова _bЕ. А. _gЕлена Александровна _3RU\NLR\AUTH\7796501 |
|
| 942 | _cBOOK | ||
| 980 | _aNB | ||